Normal view
MARC view
- Bagranoff,Nancy A / Simkin,Mark G / Norman,Carolyn Strand
Entry Personal Name
001 - CONTROL NUMBER
- control field: 445
003 - CONTROL NUMBER IDENTIFIER
- control field: JO-AjAnu
005 - DATE AND TIME OF LATEST TRANSACTION
- control field: 20230606070359.0
008 - FIXED-LENGTH DATA ELEMENTS
- fixed length control field: 230606|| aca||aabn | a|a d
040 ## - CATALOGING SOURCE
- Original cataloging agency: JO-AjAnu
- Transcribing agency: JO-AjAnu
100 ## - HEADING--PERSONAL NAME
- Personal name: Bagranoff,Nancy A / Simkin,Mark G / Norman,Carolyn Strand
670 ## - SOURCE DATA FOUND
- Source citation: Work cat.: (JO-AjAnu)237: Bagranoff,Nancy A / Simkin,Mark G / Norman,Carolyn Strand, author, Core Concepts of Accounting Information Systems